000 00533cam a2200217ua 4500
020 _c15.00
041 _aeng
_h
082 _a581.8
_bMEY/PL
100 _aMeyer, Bernard.S .
245 _aPlant Physiology /
_cS.Bernard Meyer.
_hTextual Documents
250 _a2 /
_b.
260 _aNewyork :
_bD.Van nostrant company INC ,
_c1959.
300 _a784 ; .
365 _a15.00
504 _a
700 1 _aAnderson, Donald.B .
942 _cBK
999 _c1430
_d1430